[Event "Open Ricany 2011"]
[Site "http://www.openricany.cz"]
[Date "2011.08.24"]
[Round "6.8"]
[White "Balacek, Tadeas"]
[Black "Holub, Milan"]
[Result "1/2-1/2"]
[WhiteElo "2251"]
[BlackElo "2061"]

1. c4 c6 2. d4 d5 3. Nf3 Nf6 4. Nc3 e6 5. e3 Nbd7 6. Qc2 Be7 7. Bd3 O-O 8. O-O
h6 9. b3 b6 10. Bb2 Bb7 11. Rad1 Qc7 12. Rfe1 Rfe8 13. Ne5 Nf8 14. e4 Rac8
15. exd5 cxd5 16. Bc1 Bb4 17. Re3 dxc4 18. bxc4 Bxc3 19. Qxc3 Nd5 20. Qe1 Nxe3
21. Qxe3 f6 1/2-1/2

[Event "Open Ricany 2011"]
[Site "http://www.openricany.cz"]
[Date "2011.08.24"]
[Round "6.41"]
[White "Cervenka, Petr"]
[Black "Jirousek, FiIip"]
[Result "1-0"]
[WhiteElo "1949"]
[BlackElo "1849"]

1. e4 c5 2. Nc3 Nc6 3. g3 d6 4. Bg2 Nf6 5. d3 Bd7 6. f4 e5 7. Nf3 Nd4 8. fxe5
Nxf3+ 9. Qxf3 dxe5 10. Nd5 Nxd5 11. exd5 Qc7 12. O-O f6 13. Qh5+ Kd8 14. Be3 Be8
15. Qf3 Qd6 16. c3 Bg6 17. Rad1 Rc8 18. Qg4 Be7 19. Bh3 Rc7 20. d4 cxd4 21. cxd4
f5 22. Qe2 Rf8 23. dxe5 Qxe5 24. d6 Bxd6 25. Rxd6+ 1-0

[Event "Open Ricany 2011"]
[Site "http://www.openricany.cz"]
[Date "2011.08.24"]
[Round "6.23"]
[White "Hajek, Jiri"]
[Black "Postupa, Pavel"]
[Result "0-1"]
[WhiteElo "1847"]
[BlackElo "2124"]

1. d4 Nf6 2. Nf3 g6 3. Bf4 d5 4. e3 Bg7 5. Bd3 O-O 6. Nbd2 Nbd7 7. O-O c5 8. c3
b6 9. Bg5 Bb7 10. Ne5 Nxe5 11. dxe5 Nd7 12. f4 f6 13. exf6 exf6 14. Bh4 Qe8
15. Re1 f5 16. Nf3 Qe6 17. Qc2 h6 18. Rad1 Nf6 19. Ne5 Ne4 20. Bxe4 fxe4 21. Bg3
Bxe5 22. fxe5 Ba6 23. b3 Bd3 24. Rxd3 exd3 25. Qxd3 Rad8 26. Bh4 g5 27. Bg3 Qf5
28. Qd1 Qe4 29. Qh5 Kh7 30. h4 g4 31. Bf4 Rxf4 0-1

[Event "Open Ricany 2011"]
[Site "http://www.openricany.cz"]
[Date "2011.08.24"]
[Round "6.43"]
[White "Rihova, Kamila"]
[Black "Tvrdy, Jindrich"]
[Result "0-1"]
[WhiteElo "1631"]
[BlackElo "1920"]

1. e4 d6 2. d4 Nf6 3. Nc3 g6 4. f4 Bg7 5. Nf3 c5 6. dxc5 Qa5 7. Bd3 Qxc5 8. Qe2
Nc6 9. h3 Nh5 10. Qd2 Nxf4 11. Qxf4 Bxc3+ 12. Ke2 Nd4+ 13. Nxd4 Bxd4 14. Rf1 Be6
15. c3 Be5 16. Qh6 d5 17. Be3 Qc6 18. a4 dxe4 19. Bb5 Bc4+ 20. Ke1 Bxb5 21. axb5
Bg3+ 22. Kd2 Qxb5 23. Kc2 Be5 24. Bf4 Qd3+ 25. Kb3 Bxf4 26. Rxf4 Qb5+ 27. Ka2
Qa5+ 28. Kb1 Qe5 29. Ra4 f5 30. Qh4 O-O 31. g4 Qxf4 0-1

[Event "Open Ricany 2011"]
[Site "http://www.openricany.cz"]
[Date "2011.08.24"]
[Round "6.10"]
[White "Haman, Jakub"]
[Black "Zvara, David"]
[Result "1/2-1/2"]
[WhiteElo "2146"]
[BlackElo "1979"]

1. d4 Nf6 2. c4 e5 3. dxe5 Ng4 4. Nf3 Bc5 5. e3 Nc6 6. Be2 Ngxe5 7. a3 a5
8. O-O O-O 9. Nc3 d6 10. b3 Bf5 11. Bb2 Re8 12. Qd2 Nxf3+ 13. Bxf3 Ne5 14. Be2
Ng4 15. Bxg4 Bxg4 16. Nd5 Qg5 17. f4 Qd8 18. b4 Ba7 19. Rae1 Be6 20. Kh1 c6
21. f5 cxd5 22. fxe6 fxe6 23. cxd5 e5 24. bxa5 Bc5 25. Bc3 Bxa3 26. Rb1 Qd7
27. Rb3 Bc5 28. Qb2 Rf8 29. Re1 Bxe3 30. Rxb7 Qf5 31. Qb1 Qxb1 32. Rexb1 Bc5
33. h3 Rf7 34. Kh2 Ra7 35. Rb8+ Rf8 36. R8b5 e4 37. Rb7 Rf7 38. Rb8+ Rf8
39. Rxf8+ Kxf8 40. Kg3 e3 41. Kf3 Rf7+ 42. Ke2 Rf2+ 43. Kd3 Ke7 44. Rb7+ Kd8
45. Rxg7 Ra2 46. Rb7 Kc8 47. Rb2 Ra4 48. Ke2 Rf4 49. Rc2 Kb7 50. Kd3 Ka6 51. Re2
Rf1 52. Kc4 Rf4+ 53. Kd3 Rf1 1/2-1/2

[Event "Open Ricany 2011"]
[Site "http://www.openricany.cz"]
[Date "2011.08.24"]
[Round "6.7"]
[White "Vesecky, Martin"]
[Black "Kulhanek, Tomas"]
[Result "1/2-1/2"]
[WhiteElo "2083"]
[BlackElo "2378"]

1. d4 Nf6 2. Nf3 e6 3. c4 Bb4+ 4. Bd2 Qe7 5. a3 Bxd2+ 6. Nbxd2 d6 7. e4 e5
8. d5 O-O 9. Bd3 a5 10. b4 Na6 11. Rb1 axb4 12. axb4 c5 13. dxc6 bxc6 14. O-O c5
15. b5 Nb4 16. Nb3 Ra3 17. Qe2 Bb7 18. Nfd2 Rfa8 19. Ra1 Qd8 20. Rxa3 Rxa3
21. Bb1 h6 22. Rd1 Nh7 23. Nc1 Ng5 24. Ndb3 Ne6 25. Qb2 Ra4 26. Bc2 Qa8 27. f3
Nxc2 28. Qxc2 Nd4 29. Nxd4 exd4 30. Nb3 Ra3 31. e5 Qd8 32. Qb2 Ra4 33. Qe2 Ra3
34. Qb2 Ra8 35. exd6 Qxd6 36. Qe2 g6 37. Re1 Ra3 1/2-1/2

[Event "Open Ricany 2011"]
[Site "http://www.openricany.cz"]
[Date "2011.08.24"]
[Round "6.48"]
[White "Hampel, Rudolf"]
[Black "Suchy, Ladislav"]
[Result "1-0"]
[WhiteElo "1837"]
[BlackElo "1870"]

1. e4 Nc6 2. Nf3 d5 3. exd5 Qxd5 4. Nc3 Qd8 5. Bc4 Nf6 6. h3 Bf5 7. O-O e6
8. d4 Na5 9. Bb5+ c6 10. Be2 Qc7 11. a3 b6 12. Ne5 Bd6 13. b4 Nb7 14. Bf3 Nd5
15. Bb2 O-O 16. Ne2 f6 17. Nd3 e5 18. c4 e4 19. Bxe4 Bxe4 20. cxd5 Bxd5 21. Rc1
Qe7 22. Ng3 Bxg3 23. fxg3 Qe3+ 24. Kh2 Rfe8 25. Re1 Qg5 26. Nf4 Be4 27. Qb3+ Kh8
28. Re2 Qf5 29. Rce1 Nd6 30. a4 h5 31. h4 g5 32. hxg5 fxg5 33. d5+ Kh7 34. Nxh5
Kg6 35. Ng7 Rh8+ 36. Kg1 Qxd5 37. Qc3 Raf8 38. g4 Rf7 39. Nf5 Re8 40. Rd2 1-0

[Event "Open Ricany 2011"]
[Site "http://www.openricany.cz"]
[Date "2011.08.24"]
[Round "6.35"]
[White "Macek, Kamil"]
[Black "Pribyl, Jaroslav"]
[Result "1/2-1/2"]
[WhiteElo "2012"]
[BlackElo "1864"]

1. e4 c6 2. d4 d5 3. e5 Bf5 4. Nf3 e6 5. Be2 Nd7 6. Be3 Ne7 7. O-O c5 8. dxc5
Nc6 9. c4 dxc4 10. Bxc4 Ndxe5 11. Nxe5 Nxe5 12. Bb5+ Nc6 13. Qa4 Qc8 14. Nd2 Be7
15. Rfd1 O-O 16. Nc4 a6 17. Bxc6 Qxc6 18. Qxc6 bxc6 19. f3 Rfd8 20. Ne5 Rd5
21. Nxc6 Bxc5 22. Rxd5 Bxe3+ 23. Kf1 exd5 24. Ne7+ Kf8 1/2-1/2

[Event "Open Ricany 2011"]
[Site "http://www.openricany.cz"]
[Date "2011.08.24"]
[Round "6.53"]
[White "Havlicek, Pavel"]
[Black "Pychova, Nela"]
[Result "1/2-1/2"]
[WhiteElo "1735"]
[BlackElo "1640"]

1. b4 e5 2. Bb2 d6 3. c4 Nf6 4. e3 g6 5. Nf3 Bg7 6. Nc3 O-O 7. Be2 Re8 8. O-O
Bg4 9. a4 Nbd7 10. d4 exd4 11. Nxd4 Bxe2 12. Ndxe2 Ne5 13. Qb3 Nd3 14. Ba3 Ne5
15. Rad1 Qc8 16. f3 Qe6 17. Rd4 Nc6 18. Rd3 Ne5 19. Rd4 Nc6 20. Rd3 1/2-1/2

[Event "Open Ricany 2011"]
[Site "http://www.openricany.cz"]
[Date "2011.08.24"]
[Round "6.46"]
[White "Hadrava, Jaroslav"]
[Black "Hanl, Frantisek"]
[WhiteElo "1890"]
[BlackElo "1849"]
[Result "1-0"]

1. e4 e6 2. d4 d5 3. Nc3 Bb4 4. e5 c5 5. Bd2 cxd4 6. Nb5 Bc5 7. b4 Be7 8. Qg4
g6 9. Bd3 Nc6 10. Nf3 Nxb4 11. O-O Nxd3 12. cxd3 Bd7 13. Rab1 Bxb5 14. Rxb5 b6
15. Nxd4 Bc5 16. Nb3 a6 17. Rxc5 bxc5 18. Nxc5 h5 19. Qa4+ Kf8 20. Rb1 Kg7
21. Rb7 Qc8 22. Qb4 Qc6 23. Bg5 a5 24. Qf4 Rf8 25. d4 Rh7 26. a4 Nh6 27. Bf6+
Kg8 28. h3 Nf5 29. Qd2 Rc8 30. Qb2 Ng7 31. Ra7 Ne8 32. Rxa5 Nxf6 33. exf6 Qc7
34. Rb5 Rh8 35. a5 Qf4 36. a6 Kh7 37. a7 Ra8 38. Rb7 Qxf6 39. Nd7 Qf4 40. Nb6
Raf8 41. Nd7 {dale necitelne} *

[Event "Open Ricany 2011"]
[Site "http://www.openricany.cz"]
[Date "2011.08.24"]
[Round "6.22"]
[White "Matejovsky, Ondrej"]
[Black "Burianek, Petr"]
[Result "1-0"]
[WhiteElo "2030"]
[BlackElo "1892"]

1. e4 e5 2. Nf3 Nc6 3. Nc3 Nf6 4. Bb5 Bc5 5. Nxe5 Nxe5 6. d4 Bb4 7. dxe5 Nxe4
8. Qd4 Nxc3 9. bxc3 Be7 10. Qg4 Kf8 11. Qf3 d5 12. exd6 Bxd6 13. O-O Qf6
14. Qxf6 gxf6 15. Bh6+ Ke7 16. Rfe1+ Be6 17. Rad1 Rad8 18. Bd3 Bc5 19. Be3 Bxe3
20. Rxe3 Rd5 21. Rb1 b6 22. f4 Kd8 23. Bc4 Rd6 24. Bb3 Bxb3 25. axb3 Re8
26. Rxe8+ Kxe8 27. Re1+ Re6 28. Ra1 a5 29. Kf2 Rc6 30. Re1+ Re6 31. Rd1 Rd6
32. Rxd6 cxd6 33. c4 d5 34. cxd5 b5 35. Ke3 1-0

[Event "Open Ricany 2011"]
[Site "http://www.openricany.cz"]
[Date "2011.08.24"]
[Round "6.6"]
[White "Vesselovsky, Serguei"]
[Black "Hrdina, Robin"]
[Result "1-0"]
[WhiteElo "2379"]
[BlackElo "2089"]

1. e4 e5 2. Nf3 Nf6 3. Nxe5 d6 4. Nf3 Nxe4 5. d4 d5 6. Bd3 Bd6 7. O-O O-O 8. c4
c6 9. Re1 Bf5 10. cxd5 cxd5 11. Nc3 Nxc3 12. bxc3 Bxd3 13. Qxd3 Nd7 14. Qf5 Nf6
15. Bg5 Qc8 16. Nh4 Qxf5 17. Nxf5 Rfd8 18. Rab1 b6 19. Bxf6 gxf6 20. Rb5 Kf8
21. Re3 Rd7 22. Kf1 Bc7 23. Rh3 Kg8 24. Rxd5 Rxd5 25. Ne7+ Kg7 26. Nxd5 Bd6
27. Ke2 b5 28. Rf3 Rd8 29. h3 a5 30. Kd3 b4 31. cxb4 axb4 32. Kc4 Rc8+ 33. Kb3
Rc1 34. Rxf6 Bf8 35. Rf3 Rb1+ 36. Kc2 Ra1 37. Kb2 Rd1 38. Ne3 Rd2+ 39. Kb3 Kg8
40. Nf5 Rd1 41. g4 Rb1+ 42. Kc2 Ra1 43. Kb2 Rd1 44. g5 Rd2+ 45. Kb3 Rd1 46. h4
Rb1+ 47. Kc2 Ra1 48. Kb2 Rd1 49. Rf4 Rd3 50. Kc2 Ra3 51. Kb2 Rd3 52. Nh6+ Bxh6
53. gxh6 Kf8 54. Kc2 Ra3 55. Kb2 Rd3 56. d5 Rxd5 57. Kb3 Rd2 58. Rxb4 Rxf2
59. a4 Rf6 60. a5 Ke7 61. Ra4 Ra6 62. Kc4 Kd6 63. Kb5 Ra8 64. Rg4 Kc7 65. Rg7
Rf8 66. Rxh7 Kb8 67. Rg7 f5 68. h7 f4 69. Rg8 1-0

[Event "Open Ricany 2011"]
[Site "http://www.openricany.cz"]
[Date "2011.08.24"]
[Round "6.16"]
[White "Dungl, Martin"]
[Black "Petras, Milan"]
[Result "0-1"]
[WhiteElo "2001"]
[BlackElo "2064"]

1. d4 d5 2. c4 e6 3. Nc3 c5 4. cxd5 exd5 5. Nf3 Nc6 6. e3 Nf6 7. Bb5 Bd6
8. dxc5 Bxc5 9. Nd4 Qd6 10. O-O O-O 11. Nce2 Re8 12. b3 Ng4 13. Ng3 h5 14. Nf3
h4 15. Ne2 h3 16. Ng3 hxg2 17. Kxg2 Bd7 18. Bd2 Nge5 19. Nxe5 Qxe5 20. Qc2 Bd6
21. Bc3 Qe6 22. Rae1 d4 23. exd4 Qd5+ 24. Ne4 Nxd4 25. Bxd4 Bxb5 26. Bb2 Rac8
27. Qd2 Bxf1+ 28. Kxf1 Qxd2 29. Nxd2 Rxe1+ 30. Kxe1 b5 31. a4 bxa4 32. bxa4 Rc2
33. Bd4 Bb4 34. Be3 Ra2 35. Ke2 Bxd2 36. Bxd2 Rxa4 37. Kf3 Rd4 38. Be3 Rd7 0-1

[Event "Open Ricany 2011"]
[Site "http://www.openricany.cz"]
[Date "2011.08.24"]
[Round "6.9"]
[White "Liuba, Volodymyr"]
[Black "Kohout, Vratislav"]
[Result "1/2-1/2"]
[WhiteElo "2116"]
[BlackElo "2153"]

1. e4 e6 2. d4 d5 3. Nd2 Nc6 4. Ngf3 Nf6 5. e5 Nd7 6. Be2 f6 7. exf6 Qxf6
8. Nf1 Bd6 9. Ne3 O-O 10. O-O b6 11. c4 Ne7 12. Bd3 h5 13. cxd5 exd5 14. b3 Bb7
15. Bb2 Rae8 16. Qc2 g6 17. Rae1 Kg7 18. Ne5 Bxe5 19. dxe5 Qe6 20. Qxc7 Nc5
21. Bb5 Rc8 22. Qd6 Rfd8 23. Qxe6 Nxe6 24. Ba3 Nc6 25. f4 Ncd4 26. Bd3 Rc3
27. Bb1 Ba6 28. Rf2 Nxf4 29. Rxf4 Ne2+ 30. Rxe2 Bxe2 31. Kf2 d4 32. Rxd4 Rxd4
33. Bb2 Rxe3 34. Kxe3 Rg4 35. g3 Bb5 36. Be4 Kf7 37. Bd5+ Ke7 38. Ba3+ Ke8
39. Be6 Bd7 40. Bxg4 Bxg4 41. Bd6 Kd7 1/2-1/2

[Event "Open Ricany 2011"]
[Site "http://www.openricany.cz"]
[Date "2011.08.24"]
[Round "6.3"]
[White "Haba, Zdenek"]
[Black "Juptner, Jan"]
[Result "0-1"]
[WhiteElo "2207"]
[BlackElo "2297"]

1. e4 c5 2. Nc3 Nc6 3. g3 g6 4. Bg2 Bg7 5. d3 d6 6. Be3 Rb8 7. Qd2 b5 8. Nge2
Nd4 9. O-O b4 10. Nd1 e6 11. f4 Ne7 12. g4 f5 13. gxf5 Nxe2+ 14. Qxe2 exf5
15. e5 O-O 16. a3 a5 17. axb4 axb4 18. Ra7 Re8 19. Qf2 Qb6 20. exd6 Qxa7
21. Bxc5 Qd7 22. dxe7 Rb5 23. Kh1 Bb7 24. d4 Bf6 25. c4 Rxc5 26. dxc5 Bd4
27. Qd2 Rxe7 28. Qxb4 Bxg2+ 29. Kxg2 Qc6+ 30. Kg3 Re2 31. Rf3 Bg1 32. Qc3 Bxh2+
33. Kh3 Bxf4 34. Nf2 Rxf2 0-1

[Event "Open Ricany 2011"]
[Site "http://www.openricany.cz"]
[Date "2011.08.24"]
[Round "6.44"]
[White "Lexa, vaclav"]
[Black "Koller, Martin"]
[Result "1-0"]
[WhiteElo "1917"]
[BlackElo "1758"]

1. d4 Nf6 2. c4 g6 3. Nc3 Bg7 4. e4 d6 5. Nf3 O-O 6. Be3 e5 7. Be2 Ng4 8. Bg5
f6 9. Bh4 g5 10. Bg3 Nh6 11. d5 f5 12. exf5 Nxf5 13. Ne4 h6 14. Nfd2 Nd7 15. f3
Ne3 16. Qb3 Nxg2+ 17. Kd1 Nf6 18. Kc2 Nf4 19. Rae1 Bf5 20. Bd1 c6 21. Kb1 Qa5
22. Bc2 Bxe4 23. Nxe4 Nxe4 24. Bxe4 c5 25. h4 Rab8 26. hxg5 hxg5 27. Qc2 Rf6
28. Re3 b5 29. Rb3 b4 30. Rh7 Qc7 31. Qh2 Qd7 32. Re3 g4 33. Re1 gxf3 34. Bf2
Ng2 35. Rh1 Rbf8 36. Qg3 Rf4 37. Rh8+ Kf7 1-0

[Event "Open Ricany 2011"]
[Site "http://www.openricany.cz"]
[Date "2011.08.24"]
[Round "6.4"]
[White "Vojta, Pavel"]
[Black "Klement, Lukas"]
[Result "1/2-1/2"]
[WhiteElo "2175"]
[BlackElo "2234"]

1. Nf3 f5 2. d4 g6 3. g3 Nf6 4. Bg2 Bg7 5. c4 O-O 6. O-O d6 7. b4 e5 8. dxe5
dxe5 9. Bb2 e4 10. Nd4 a5 11. a3 axb4 12. axb4 Rxa1 13. Bxa1 c5 14. bxc5 Ng4
15. h3 Ne5 16. Na3 f4 17. Qb3 fxg3 18. Qxg3 Bf5 19. Ne6 Bxe6 20. Bxe5 Nc6
21. Bxg7 Kxg7 22. Bxe4 Qd4 23. Qe3 Qxe3 24. fxe3 Rxf1+ 25. Kxf1 Bxh3+ 26. Kf2
Kf6 27. Nb5 Ke5 28. Bd5 Bd7 29. Nd6 g5 30. Nxb7 Ne7 31. Bh1 Bc6 32. Bxc6 Nxc6
33. Nd6 h5 34. Nb5 Na5 35. Nd6 Ke6 36. Kf3 Nc6 37. Kg3 Ke5 38. Ne8 Ke4 39. Nf6+
Kxe3 40. Nxh5 1/2-1/2

[Event "Open Ricany 2011"]
[Site "http://www.openricany.cz"]
[Date "2011.08.24"]
[Round "6.13"]
[White "Marikova, Jana"]
[Black "Moravec, Vit"]
[Result "1/2-1/2"]
[WhiteElo "1894"]
[BlackElo "2148"]

1. d4 Nf6 2. c4 e6 3. Nf3 Bb4+ 4. Bd2 Qe7 5. Qc2 b6 6. e4 Bb7 7. Bd3 Bxd2+
8. Nbxd2 Nc6 9. a3 e5 10. d5 Nb8 11. O-O c5 12. Qc3 d6 13. b4 Nbd7 14. Nb3 Rc8
15. b5 O-O 16. a4 Nh5 17. g3 g6 18. Nh4 Ng7 19. Qc2 Nf6 20. a5 Ra8 21. Ra2 Nfh5
22. Rfa1 Rab8 23. axb6 axb6 24. Kh1 Qd7 25. Ng2 f5 26. exf5 gxf5 27. g4 Nf6
28. Bxf5 Nxf5 29. gxf5 Kh8 30. Rg1 Rg8 31. Raa1 Qf7 32. f3 Qh5 33. Qf2 Qxf5
34. Ne3 Qf4 35. Nd2 Rbf8 36. Qe2 Bc8 37. Rxg8+ Rxg8 38. Ng2 Qd4 39. Rd1 Bh3
40. Ne3 Qf4 41. Rg1 Rxg1+ 42. Kxg1 Qg5+ 43. Kh1 Nh5 44. Ne4 Qg6 45. Ng2 Ng7
46. Ne3 Bf5 47. Nxf5 Nxf5 48. Qa2 Nh4 49. Qf2 Nf5 50. Qa2 Qh6 51. Nf2 1/2-1/2

[Event "Open Ricany 2011"]
[Site "http://www.openricany.cz"]
[Date "2011.08.24"]
[Round "6.36"]
[White "Sargsjan, Karen"]
[Black "Maly, Filip"]
[Result "1-0"]
[WhiteElo "1881"]
[BlackElo "2007"]

1. e4 c5 2. c3 d6 3. Nf3 g6 4. Be2 Bg7 5. d4 Nf6 6. Nbd2 O-O 7. O-O cxd4
8. Nxd4 Nc6 9. Qc2 Qc7 10. Nb5 Qb8 11. f4 a6 12. Nd4 Qa7 13. Kh1 Nxd4 14. cxd4
Qxd4 15. Bf3 Bg4 16. Nb3 Qb6 17. Qe2 Bxf3 18. Rxf3 Qb4 19. e5 dxe5 20. fxe5 Nd5
21. Bd2 Qb6 22. Rd1 e6 23. Bg5 Qb5 24. Qe4 Rac8 25. Rdf1 Rc4 26. Qe1 Rg4 27. Bc1
Qb4 28. Nc5 Qb5 29. Qf2 Qe8 30. Re1 b6 31. Nd3 Qb8 32. b3 Nc3 33. h3 Re4 34. Ba3
Rd8 35. Bd6 Rxd6 36. exd6 Qxd6 37. Rc1 Re2 38. Qf1 Rxa2 39. Rxf7 Qg3 40. Rd7 Bf6
41. Rxc3 Qxg2+ 1-0

[Event "Open Ricany 2011"]
[Site "http://www.openricany.cz"]
[Date "2011.08.24"]
[Round "6.51"]
[White "Luzikova, Nicola"]
[Black "Nigrin, Jiri"]
[Result "1-0"]
[WhiteElo "1797"]
[BlackElo "1700"]

1. d4 Nf6 2. c4 e5 3. dxe5 Ng4 4. Bf4 Nc6 5. Nf3 Bb4+ 6. Nc3 Qe7 7. Qd5 Qe6
8. Qxe6+ dxe6 9. h3 Nh6 10. e4 Ng8 11. O-O-O Bxc3 12. bxc3 Nge7 13. Nd4 a6
14. Bg3 O-O 15. Be2 b6 16. Nxc6 Nxc6 17. f3 g6 18. Kc2 b5 19. a3 bxc4 20. Bxc4
Na5 21. Be2 Nb7 22. Bf2 Kg7 23. Rd2 Na5 24. Rb1 Bb7 25. Rd7 Rac8 26. Rd4 Bc6
27. Bxa6 Ra8 28. Be2 Rfc8 29. a4 Be8 30. Ra1 Nc6 31. Rc4 Ra5 32. Rc5 Rca8
33. Bb5 Nd4+ 34. Bxd4 Bxb5 35. Rxc7 Bxa4+ 36. Kc1 Bb3 37. Rxa5 Rxa5 38. Ra7 Rxa7
39. Bxa7 Kf8 40. Kd2 Bc4 41. Ke3 Bf1 42. Kf2 Bc4 43. Bd4 h5 44. h4 Ke7 45. Bc5+
Kd7 46. g4 Bd3 47. gxh5 gxh5 48. Kg3 Be2 49. Kf4 Ke8 50. Ke3 Bd1 51. Bd6 Kd7
52. c4 f6 53. exf6 Kxd6 54. e5+ Kd7 55. Kf4 Ke8 56. c5 Ba4 57. Kg5 Bc6 58. Kxh5
Kf7 59. f4 Be4 60. Kg5 Kg8 61. h5 Bd5 62. h6 Be4 63. c6 Bxc6 64. f5 Bd7 65. fxe6
Bxe6 66. Kg6 Bf7+ 67. Kf5 Bb3 68. e6 Bc2+ 69. Ke5 Kf8 70. Kd6 Bg6 71. Kd7 Bf5
72. h7 Bxh7 73. e7+ 1-0

[Event "Open Ricany 2011"]
[Site "http://www.openricany.cz"]
[Date "2011.08.24"]
[Round "6.37"]
[White "Postupa, Martin"]
[Black "Krejci, Martin"]
[Result "1-0"]
[WhiteElo "2005"]
[BlackElo "1878"]

1. e4 e5 2. Nf3 Nc6 3. Nc3 Nf6 4. Bb5 Bb4 5. d3 Nd4 6. Ba4 c6 7. O-O Nxf3+
8. Qxf3 O-O 9. Qg3 d6 10. Bb3 Be6 11. Bg5 Kh8 12. Qh4 a5 13. a4 Bxb3 14. cxb3 d5
15. Rad1 d4 16. Ne2 Be7 17. f4 exf4 18. Rxf4 Ng8 19. Bxe7 Nxe7 20. Rdf1 f6
21. Qh3 Ng6 22. Rf5 Qd7 23. Qg3 Rfe8 24. h4 Re5 25. h5 Rxf5 26. Rxf5 Ne7 27. Rf1
c5 28. h6 Rg8 29. Qh4 g5 30. Qg3 Rg6 31. Rc1 b6 32. Qb8+ Nc8 33. e5 f5 34. Rc4
Rc6 35. Qa8 Rc7 36. Qf3 Qe6 37. Nxd4 Qxe5 38. Qxf5 Qe1+ 39. Kh2 Qh4+ 40. Qh3
Qxh3+ 41. Kxh3 Rd7 42. Nf5 Rxd3+ 43. Kg4 Nd6 44. Nxd6 Rxd6 45. Kh5 Kg8 46. Rc3
Rd5 47. Rg3 Kf7 48. Rxg5 Rd2 49. Rg7+ Kf6 50. Rg3 Rxb2 51. Rf3+ Ke5 52. g4 Rh2+
53. Kg5 Ke4 54. Rf6 Rd2 55. Rxb6 Rd5+ 56. Kh4 Kf4 57. Rf6+ Ke4 58. Rf7 Rd6
59. Rxh7 Ke5 60. Kg5 1-0

[Event "Open Ricany 2011"]
[Site "http://www.openricany.cz"]
[Date "2011.08.24"]
[Round "6.28"]
[White "Procházka, Petr"]
[Black "Vorackova, Jarmila"]
[Result "1/2-1/2"]
[WhiteElo "2008"]
[BlackElo "1925"]

1. e4 c6 2. d4 d5 3. e5 Bf5 4. Be3 e6 5. Nf3 Qb6 6. Qc1 c5 7. Be2 Nc6 8. a4 a6
9. O-O cxd4 10. Nxd4 Nxd4 11. Bd1 Bc5 12. b4 Qxb4 13. c3 Qb6 14. cxd4 Bxd4
15. a5 Bxe3 16. Ba4+ Kd8 17. fxe3 Qc7 18. Qa3 Ne7 19. Nd2 Nc6 20. e4 Bg6
21. exd5 exd5 22. Rfe1 Re8 23. Nf3 Qe7 24. Qb3 Be4 25. Rad1 Qc5+ 26. Kh1 Kc7
27. Rc1 Qxa5 28. Nd4 Rec8 29. Nxc6 bxc6 30. Rxe4 Rab8 31. Rxc6+ Kd8 32. Rxc8+
Rxc8 33. Qd1 Ke7 34. Rd4 Rd8 35. h3 Ke6 36. Qg4+ f5 37. exf6+ Kxf6 38. Rf4+ Ke5
39. Qf5+ Kd6 40. Kh2 h6 41. Qg6+ Ke5 42. Qf5+ Kd6 43. Bd1 Qc7 44. Bf3 Kc5
45. Qc2+ Kb6 46. Qxc7+ Kxc7 47. Rf7+ Kb6 48. Rxg7 Rd6 49. Kg1 a5 50. Bd1 d4
51. Kf2 Kc5 52. Ke2 Re6+ 53. Kd2 Rd6 54. g4 Ra6 55. Be2 Rd6 56. Ra7 Kb6 57. Ra6+
Kc5 58. Rxd6 Kxd6 59. Kd3 Ke5 60. h4 a4 61. Bd1 a3 62. Bb3 Kf4 63. Be6 a2
64. Bxa2 Kxg4 65. Kxd4 1/2-1/2

[Event "Open Ricany 2011"]
[Site "http://www.openricany.cz"]
[Date "2011.08.25"]
[Round "7.44"]
[White "Kaiser, Rudolf"]
[Black "Luzikova, Nicola"]
[Result "1/2-1/2"]
[WhiteElo "1949"]
[BlackElo "1797"]

1. e4 d5 2. exd5 Nf6 3. Bb5+ Bd7 4. Be2 Nxd5 5. d4 Bf5 6. a3 e6 7. c4 Nb6
8. Nc3 Be7 9. Nf3 O-O 10. Be3 c6 11. Rc1 N8d7 12. h3 Nf6 13. Bd3 Bxd3 14. Qxd3
h6 15. Ne5 Rc8 16. b4 Nbd7 17. Rd1 Qc7 18. Bf4 Bd6 19. Nxd7 Qxd7 20. Be3 Rfe8
21. O-O Rcd8 22. Kh1 b6 23. Ne4 Nxe4 24. Qxe4 Qc8 25. Qg4 Kh8 26. Qh5 Rd7 27. g4
f6 28. g5 fxg5 29. Bxg5 Rf8 30. Be3 Bf4 31. Rd3 Rdf7 32. Rg1 1/2-1/2

[Event "Open Ricany 2011"]
[Site "http://www.openricany.cz"]
[Date "2011.08.25"]
[Round "7.11"]
[White "Wasserbauer, Radek"]
[Black "Pospisil, Martin"]
[Result "0-1"]
[WhiteElo "2145"]
[BlackElo "2035"]

1. e4 c5 2. c3 d5 3. exd5 Qxd5 4. d4 Nc6 5. Nf3 Bg4 6. Be2 cxd4 7. cxd4 e6
8. Nc3 Qa5 9. Be3 Nf6 10. Qb3 Qb4 11. O-O Qxb3 12. axb3 Bd6 13. h3 Bh5 14. g4
Bg6 15. Nd2 O-O 16. Bf3 Rfd8 17. Ra4 Bc7 18. Rfa1 Nd5 19. Nb5 Bb6 20. Nc4 Rac8
21. Bxd5 Rxd5 22. Nxa7 Bxa7 23. Rxa7 Nxa7 24. Nb6 Rd6 25. d5 Rxb6 26. Bxb6 Nb5
27. Ra5 Bd3 28. Bc5 exd5 0-1

[Event "Open Ricany 2011"]
[Site "http://www.openricany.cz"]
[Date "2011.08.25"]
[Round "7.47"]
[White "Krejci, Martin"]
[Black "Rihova, Kamila"]
[Result "1/2-1/2"]
[WhiteElo "1878"]
[BlackElo "1631"]

1. e4 e5 2. Nf3 Nf6 3. Nxe5 d6 4. Nf3 Nxe4 5. Nc3 Nf6 6. d4 Be7 7. h3 O-O
8. Be3 d5 9. Be2 Bf5 10. O-O Nbd7 11. Bd3 Bxd3 12. cxd3 h6 13. Qb3 Nb6 14. Rac1
c6 15. Rfe1 Bd6 16. Rc2 Re8 17. Rce2 Qd7 18. a4 Nc8 19. Rc1 a6 20. Kf1 Ne7
21. Ne5 Qc7 22. Nf3 Nf5 23. Rce1 Re6 24. Kg1 Rae8 25. Qd1 1/2-1/2

[Event "Open Ricany 2011"]
[Site "http://www.openricany.cz"]
[Date "2011.08.25"]
[Round "7.49"]
[White "Eisner, Oldrich"]
[Black "Kucera, Josef"]
[Result "1-0"]
[WhiteElo "1822"]
[BlackElo "1852"]

1. d4 g6 2. Nf3 Bg7 3. c4 d6 4. g3 c5 5. Bg2 Qa5+ 6. Nc3 Nc6 7. e3 Bg4 8. Qd2
Nf6 9. O-O O-O 10. d5 Nb4 11. a3 Na6 12. Nb5 Qb6 13. Ne1 Bd7 14. Nc3 e6 15. e4
exd5 16. cxd5 c4 17. Qc2 Nc5 18. Be3 Ng4 19. Bxc5 Qxc5 20. Bh3 Ne3 21. fxe3 Bxh3
22. Ng2 Bxg2 23. Kxg2 Qxe3 24. Rae1 Qg5 25. Nb5 Qe7 26. Qxc4 Bxb2 27. Qb4 Be5
28. Rc1 a5 29. Qa4 Rfc8 30. Rxc8+ Rxc8 31. Qxa5 Rc5 32. a4 Bf6 33. Qb4 Qd7
34. Rxf6 Qg4 35. Rf2 Rc1 36. Qd4 Rd1 {Dale necitelne} 1-0

[Event "Open Ricany 2011"]
[Site "http://www.openricany.cz"]
[Date "2011.08.25"]
[Round "7.27"]
[White "Tvrdy, Jindrich"]
[Black "Prochazka, Petr"]
[Result "0-1"]
[WhiteElo "1920"]
[BlackElo "2008"]

1. e4 d5 2. exd5 Nf6 3. d4 Bg4 4. Nf3 Qxd5 5. Nc3 Qh5 6. Nb5 Na6 7. Bf4 c6
8. Nc7+ Nxc7 9. Bxc7 Nd5 10. Bg3 Bxf3 11. Qxf3 Qxf3 12. gxf3 e6 13. O-O-O O-O-O
14. c4 Ne7 15. Bh3 b6 16. Bh4 Kb7 17. Rhe1 Rd7 18. Bxe7 Bxe7 19. d5 cxd5
20. cxd5 Bg5+ 21. Kc2 Rc8+ 22. Kb3 Rcd8 23. Re4 Rxd5 24. Rxd5 Rxd5 25. f4 Bf6
26. Bg2 Kc7 27. Rc4+ Rc5 28. Rxc5+ bxc5 29. Kc4 Bxb2 30. Kxc5 f5 31. Kb5 Bd4
32. f3 Be3 33. Ka6 Kd6 34. a4 e5 35. Kb7 exf4 36. a5 g5 37. Bh3 Ke5 38. a6 h5
39. Bg2 g4 40. Kc6 h4 41. h3 g3 42. Bf1 Bb6 43. Kd7 Kd4 44. Ke6 Ke3 0-1